Machine Learning Interviews (Record no. 13739)

MARC details
000 -LEADER
fixed length control field 00358nam a22001577a 4500
003 - CONTROL NUMBER IDENTIFIER
control field OSt
008 - FIXED-LENGTH DATA ELEMENTS--GENERAL INFORMATION
fixed length control field 250924b |||||||| |||| 00| 0 eng d
020 ## - INTERNATIONAL STANDARD BOOK NUMBER
International Standard Book Number 9789355426000
082 ## - DEWEY DECIMAL CLASSIFICATION NUMBER
Classification number 006.31 CHM
100 ## - MAIN ENTRY--PERSONAL NAME
Personal name CHANG,Susan Shu
245 ## - TITLE STATEMENT
Title Machine Learning Interviews
250 ## - EDITION STATEMENT
Edition statement 1st Ed
260 ## - PUBLICATION, DISTRIBUTION, ETC. (IMPRINT)
Place of publication, distribution, etc Mumbai
Name of publisher, distributor, etc SPD
Date of publication, distribution, etc 2023
300 ## - PHYSICAL DESCRIPTION
Extent 286
942 ## - ADDED ENTRY ELEMENTS (KOHA)
Source of classification or shelving scheme Dewey Decimal Classification
Koha item type Text Books
Holdings
Withdrawn status Lost status Source of classification or shelving scheme Damaged status Not for loan Collection code Home library Current library Date acquired Source of acquisition Currency Cost, normal purchase price Bill Number Total Checkouts Full call number Acc. no. / Barcode Date last seen Actual Cost, discounted price Bill Date Koha item type Checked out Date last borrowed
    Dewey Decimal Classification     Computer Science and Engineering in AI & Data Science PIET C-LIBRARY PIET C-LIBRARY 22/09/2025 Zaffa Books INR 1400.00 ZBD0260   006.31 CHM 39760 24/09/2025 1050.00 21/09/2025 Reference Books    
    Dewey Decimal Classification     Computer Science and Engineering in AI & Data Science PIET C-LIBRARY PIET C-LIBRARY 22/09/2025 Zaffa Books INR 1400.00 ZBD0260   006.31 CHM 39761 24/09/2025 1050.00 21/09/2025 Text Books    
    Dewey Decimal Classification     Computer Science and Engineering in AI & Data Science PIET C-LIBRARY PIET C-LIBRARY 22/09/2025 Zaffa Books INR 1400.00 ZBD0260 2 006.31 CHM 39762 31/01/2026 1050.00 21/09/2025 Text Books 19/08/2026 31/01/2026
    Dewey Decimal Classification     Computer Science and Engineering in AI & Data Science PIET C-LIBRARY PIET C-LIBRARY 22/09/2025 Zaffa Books INR 1400.00 ZBD0260 1 006.31 CHM 39763 10/11/2025 1050.00 21/09/2025 Text Books   27/10/2025
    Dewey Decimal Classification     Computer Science and Engineering in AI & Data Science PIET C-LIBRARY PIET C-LIBRARY 22/09/2025 Zaffa Books INR 1400.00 ZBD0260   006.31 CHM 39764 24/09/2025 1050.00 21/09/2025 Text Books    

Design & Developed by: PIET Central Library
R70 Miles Stone Pattikalyana Samalkha Panipat 132102
mail ID :- [email protected], Phone No:- 0180-2569700 Ex.216